| 000 | 00747nam a22002417a 4500 | ||
|---|---|---|---|
| 999 |
_c14432 _d14432 |
||
| 003 | AR-CdUCM | ||
| 008 | 190423b ||||| |||| 00| 0 spa d | ||
| 020 | _a978-84-9145-018-4 | ||
| 040 |
_aMUNICIPALIDAD PROVINCIAL DEL CUSCO _cBIBLIOTECA MUNICIPAL DEL CUSCO |
||
| 041 | _heng | ||
| 082 |
_aPI / 376.1 / _bM43 |
||
| 100 |
_aSwann Meralli _933199 |
||
| 245 | _aLa niƱa que siempre decia No / | ||
| 260 |
_aBarcelona : _bEdiciones Obelisco, _c2017. |
||
| 300 |
_bilustraciones, graficos, dibujos, _c28 cm. |
||
| 500 | _ale petit ivre qui dit non! titulo original | ||
| 650 |
_aLectura _92069 |
||
| 650 |
_aHistoria _9136 |
||
| 650 |
_aCuentos _9217 |
||
| 700 |
_aCrouzet, Carole _933200 |
||
| 942 |
_2ddc _cLIBROS |
||
| 945 |
_apjha _d2019-04-23 |
||